00728nam a2200193 i 450000100060000000300090000600500170001500700030003200800410003510000270007624501160010326000370021930000410025670000270029770000390032485200320036399900170039595201220041271167ES-MaACL20230906171039.0t|040806s1964 sp ||||1| spa d1 aGaussen, Henri.95602910aFlora y fauna de la montaña / cEnrique Gaussen, Pablo Barruel ; [traducción de Enrique Balcells Rocamora]. aBarcelona : bJuventud, c[1964] a224 p., 56 lám. : bil. ; c29 cm.1 aBarruel, Pablo.9260811 aBalcells Rocamora, Enrique.924871 aES-MaACLjC-27303 bR.56311 c71167d71167 00104070aATENEOMbATENEOMcDEPO2d2008-01-17eSCl0oC-27303p1074517r2023-02-23 00:00:00w2023-02-23yMONOGRAFIA